书目信息 |
| 题名: |
应用性本科教育导论
|
|
| 作者: | 高林 著 | |
| 分册: | ||
| 出版信息: | 北京 科学出版社 2006 |
|
| 页数: | 251页 | |
| 开本: | 20cm | |
| 丛书名: | ||
| 单 册: | ||
| 中图分类: | G719.2 | |
| 科图分类: | ||
| 主题词: | 教育--类型 | |
| 电子资源: | ||
| ISBN: | 978-7-03-017864-0 | |
| 000 | 00524nam0 2200181 450 | |
| 001 | 0735592734 | |
| 005 | 20070906095312.73 | |
| 010 | @a978-7-03-017864-0@d¥36.00 | |
| 100 | @a20070906d km y0chiy0120 ea | |
| 101 | 0 | @achi |
| 200 | 1 | @a应用性本科教育导论@Aying yong xing ben ke jiao yu dao lun@f高林等著@Fgao lin deng zhu |
| 210 | @a北京@c科学出版社@d2006 | |
| 215 | @a251页@d20cm | |
| 606 | 0 | @a教育@x类型 |
| 690 | @aG719.2@v3 | |
| 701 | 0 | @a高林@Agao lin@4著 |
| 801 | 0 | @aCN@bPFT@c20070906 |
| 905 | @a213230@dG719.2@ep12@f1 | |
| 应用性本科教育导论/高林等著.-北京:科学出版社,2006 |
| 251页;20cm |
| ISBN 978-7-03-017864-0:¥36.00 |
| ● |
| 相关链接 |
|
|
|
|
正题名:应用性本科教育导论
索取号:G719.2/p12
 
预约/预借
| 序号 | 登录号 | 条形码 | 馆藏地/架位号 | 状态 | 备注 |
| 1 | 7202424 | 272024230 | 密集书库-物理学院/ [索取号:G719.2/p12] | 在馆 |